000 00559nam a2200229Ia 4500
003 OSt
005 20220924135329.0
006 a|||||r|||| 00| 0
007 ta
008 220923b |||||||| |||| 00| 0 ben d
024 _a290536
037 _cTextual
040 _aARTS
_cARTS
_bben
041 _2ben
_aben
082 _aO111,3NBE,1, 157L8
100 _aBenchley
_9210095
245 0 _aDeep
260 _c1978
650 _aENGLISH LITERATURE
942 _hO111,3NBE,1, 157L8
_cTEXL
_2CC
999 _c440293
_d440293